Produktion und Wertschöpfung der Landwirtschaft in Deutschland.
Výsledky poľnohospodárskej výroby v r. 1990-1991 a prvé výsledky za obdobie 1991-1992. Zhoršenie príjmovej situácie poľnohospodárstva v západnom Nemecku. Náklady a subvencie poľnohospodárskej výroby v uvedenom období. Hodnototvorný proces a jeho faktory. Perspektívy programu znižovania poľnohospodár...
Guardado en:
| Autor principal: | |
|---|---|
| Otros Autores: | |
| Formato: | Capítulo de libro |
| Lenguaje: | alemán |
| Materias: | |
| Etiquetas: |
Sin Etiquetas, Sea el primero en etiquetar este registro!
|
MARC
| LEADER | 00000naa a2200000 4500 | ||
|---|---|---|---|
| 001 | r008685 | ||
| 005 | 20221130112505.6 | ||
| 041 | 0 | |a ger | |
| 044 | |a DE | ||
| 245 | 1 | 0 | |a Produktion und Wertschöpfung der Landwirtschaft in Deutschland. |c D. Heberle, S. Kreitmair |
| 520 | |a Výsledky poľnohospodárskej výroby v r. 1990-1991 a prvé výsledky za obdobie 1991-1992. Zhoršenie príjmovej situácie poľnohospodárstva v západnom Nemecku. Náklady a subvencie poľnohospodárskej výroby v uvedenom období. Hodnototvorný proces a jeho faktory. Perspektívy programu znižovania poľnohospodárskych plôch s cieľom ohraničenia produkcie obilia. Podiel znižovania plôch na poklese výroby obilia v r. 1991. Stimulácia poklesu plôch nemeckou vládou. | ||
| 610 | 2 | 0 | |a poľnohospodárstvo |
| 610 | 2 | 0 | |a Nemecko |
| 610 | 2 | 0 | |a výroba poľnohospodárska |
| 610 | 2 | 0 | |a 1990-1992 |
| 610 | 2 | 0 | |a príjmy |
| 610 | 2 | 0 | |a náklady |
| 610 | 2 | 0 | |a ceny |
| 610 | 2 | 0 | |a obilniny |
| 610 | 2 | 0 | |a pôda poľnohospodárska |
| 610 | 2 | 0 | |a stimulovanie |
| 610 | 2 | 0 | |a údaje štatistické |
| 610 | 2 | 0 | |a subvencie |
| 100 | 1 | |a Heberle, D. | |
| 700 | 1 | |a Kreitmair, S. | |